000 00473nam a22001817a 4500
003 LC
005 20170207172746.0
008 170207b xxu||||| |||| 00| 0 eng d
020 _a9789810940546
050 _aPZ 7.1
_bL477 2016
100 _aLee, Sophia
245 _aWhat things mean
260 _aSingapore :
_bScholastic Singapore,
_cc2016
300 _a133 pages ;
_c19 cm
650 _aFamilies
_vFiction.
650 _aTeenage girls
_vFiction.
942 _2lcc
_cBK
999 _c306680
_d306680